| 000 | 01955nam a2200253Ia 4500 | ||
|---|---|---|---|
| 003 | Ost | ||
| 005 | 20260507075325.0 | ||
| 008 | 260507s9999||||xx |||||||||||||| ||und|| | ||
| 020 | _a9789957124083 | ||
| 040 | _cfsecg | ||
| 041 | _aara | ||
| 082 | _a382.17 | ||
| 100 |
_aنعمة، سمير فخري _eمؤلف |
||
| 245 | 0 |
_aالعلاقة التبادلية بين سعر الصرف و سعر الفائدة و انعكاساتها على ميزان المدفوعات / _c سمير فخري نعمة |
|
| 260 |
_aعمان: _bدار اليازوري العلمية للنشر والتوزيع, _c2011 |
||
| 300 |
_a284 صفحة؛ _bإيضاحات ؛ _c25 سم |
||
| 504 | _aببليوغرافيا: ص.273 | ||
| 520 | _aموثوقية أسعار الصرف العالمية و نظمها ، مفهوم و أهمية نظريات الفائدة التوازنية ، مضمون و مكونات ميزان المدفوعات ، فاعلية و سياسات أسعار الصرف و الفائدة في اطار الاقتصاد الكلي ، موازنة ميزان المدفوعات في نظاق نظامي أسعار الصرف و الفائدة ، صندوق النقد الدولي و تشخيص مشكلات ميزان المدفوعات للبلدان النامية ، دراسة مقترحة لتبادلية العلاقة بين سعر الصرف و الفائدة و إثرها على ميزان المدفوعات ، اختبار مدى ملاءمة سياسات صندوق النقد الدولي و أخيرا تقدير و تحليل العلاقة التبادلية بين سعر الصرف و سعر الفائدة و غنعكاسها على ميزان المدفوعات / دراسة حالة مصر للمدة من 1990 ــ 2006 | ||
| 653 | _aالفائدة | ||
| 653 | _aسعر الصرف | ||
| 653 | _aميزان المدفوعات | ||
| 700 |
_aغزال، ميسر قاسم _eمؤلف ثانوي |
||
| 942 | _cكتاب | ||
| 999 |
_c43957 _d43957 |
||